¿Para qué sirven las elecciones?
محفوظ في:
| المؤلف الرئيسي: | |
|---|---|
| مؤلفون آخرون: | , , |
| التنسيق: | كتاب |
| اللغة: | الإسبانية |
| منشور في: |
México, D.F.; México:
Fondo de Cultura Económica,
1982.
|
| الطبعة: | Primera edición en español. |
| سلاسل: | Sección de obras de Política y Derecho
|
| الموضوعات: | |
| الوسوم: |
إضافة وسم
لا توجد وسوم, كن أول من يضع وسما على هذه التسجيلة!
|
MARC
| LEADER | 00000nam a2200000 a 4500 | ||
|---|---|---|---|
| 001 | UCS4574 | ||
| 003 | CL-VaPUC | ||
| 005 | 20220822114331.0 | ||
| 008 | 970808e19820000MX |||||||||||||||||spa|d | ||
| 999 | |c 261545 |d 261543 | ||
| 020 | |a 968-16-1079-2 | ||
| 040 | |c Pontificia Universidad Católica de Valparaíso | ||
| 082 | 0 | 4 | |a 324.63 HER 1982 |2 21 |
| 100 | |a Hermet, Guy |e autor |9 583033 | ||
| 245 | 1 | 0 | |a ¿Para qué sirven las elecciones? |
| 250 | |a Primera edición en español. | ||
| 260 | |a México, D.F.; México: |b Fondo de Cultura Económica, |c 1982. | ||
| 300 | |a 160 páginas. | ||
| 490 | 0 | |a Sección de obras de Política y Derecho | |
| 500 | |a c.2 Donación Familia Prof. Alejandro Guzmán Brito. | ||
| 583 | |a last modification |c 19970808 00:00:00 |k Rodrigo Vera | ||
| 650 | 0 | |a Elecciones |9 254997 | |
| 650 | 0 | |a Sistemas electorales |9 326307 | |
| 650 | 7 | |a SUFRAGIO |2 CL-VaPUC |9 313463 | |
| 650 | 0 | |a Estado |9 255503 | |
| 650 | 0 | |a Desarrollo político |9 323087 | |
| 650 | 0 | |a Cultura política |9 257401 | |
| 700 | 0 | |a Rouquié, Alain |e autor |9 390456 | |
| 700 | |a Linz, Juan José |e autor |9 451985 | ||
| 700 | |a Galak, Diana I. |e traducción |9 865476 | ||
| 942 | |c BK |2 ddc |n 0 | ||
| 945 | |d 19970808 00:00:00 |a rleighto | ||
| 952 | |0 0 |1 0 |4 0 |6 324_630000000000000_HER_1982 |7 0 |8 A |9 289096 |a BIBHIS |b BIBHIS |d 2019-11-19 |i 3339653 |o 324.63 HER 1982 |p 3339653 |r 2025-01-20 |w 2019-11-19 |y BK |k HIS | ||